| 000 | 00518nam a22001817a 4500 | ||
|---|---|---|---|
| 005 | 20170517104813.0 | ||
| 010 | _aENG-118185 | ||
| 020 |
_a9789384275044 _c1250.00 |
||
| 035 | _aEN-101717 | ||
| 037 | _bDBAD/PUB | ||
| 082 | _a305.42 | ||
| 100 | _aDewani, Richa | ||
| 245 |
_aUnderstanding feminism / _cRicha Dewani |
||
| 260 |
_aIndia _bNE BOOKS AND PUBLISHERS _c2017 |
||
| 270 | _aNational Highway Silchar- 788005 Assam, India | ||
| 300 |
_a293p. _c24cm. (Hb) |
||
| 942 |
_2ddc _cEN _h305.42 _mDEW |
||
| 999 |
_c139985 _d139985 |
||